00965nam a2200265 i 4500001001000000003000900010005001700019007000300036008004100039040003000080082001400110100001000124110008600134245012400220264006300344300002500407336002700432337003300459338002800492590002700520910000700547942001400554952011400568999001700682000038104DO-SdBNP20240117083829.0ta110427s190? dr 000 0 spa d aDO-SdBNPbspacBNPHUerda 222bR426c 984787 aRepública Dominicana.bCongreso Nacional, Asamble Nacional Constituyente9847881 aConstitución política de la República Dominicana : ben el nombre de Dios autor y supremo legislador del universo aSanto Domingo :bCongreso Nacional cfecha no identificada a60 paginas ;c22 cm. 2rdacontentatextobtxt 2rdamediaasin mediaciónbn 2rdacarrieravolumenbnc aInventariado, 2024/ DG aDG 2ddccLBS1 00102ddc51708PDaBNPHUbBNPHUcCTd2024-01-17l0oBNPHU PD R426cp2024-0268r2024-01-17w2024-01-17yLBS1 c55702d55702